Central Library OPAC University of Rajshahi

Outlines of biochemistry : (Record no. 75246)

MARC details
000 -LEADER
fixed length control field 00812nam a22002297a 4500
001 - CONTROL NUMBER
control field 75246
003 - CONTROL NUMBER IDENTIFIER
rucl marc code BD-RjUL
005 - DATE AND TIME OF LATEST TRANSACTION
control field 20211209082650.0
008 - FIXED-LENGTH DATA ELEMENTS--GENERAL INFORMATION
fixed length control field 190206s1929 enk||||| |||| 00| 0 eng d
035 ## - SYSTEM CONTROL NUMBER
System control number (BD-RjUL)75464
040 ## - CATALOGING SOURCE
Original cataloging agency BD-RjUL
Language of cataloging eng
Transcribing agency BD-RjUL
041 ## - LANGUAGE CODE
Language code of text/sound track or separate title eng
082 ## - DEWEY DECIMAL CLASSIFICATION NUMBER
Edition number 23
Classification number 572
Author mark and year GOO 1929
100 ## - MAIN ENTRY--PERSONAL NAME
Personal name Gortner, Ross Aiken,
Dates associated with a name 1885-1942.
9 (RLIN) 227831
245 ## - TITLE STATEMENT
Title Outlines of biochemistry :
Remainder of title the organic chemistry and the physiochemical reactions of biologically important compounds and systems /
Statement of responsibility, etc. Ross Aiken Gortner
260 ## - PUBLICATION, DISTRIBUTION, ETC. (IMPRINT)
Place of publication, distribution, etc. New York ;
Name of publisher, distributor, etc. London :
-- John Wiley & Sons [etc.],
Date of publication, distribution, etc. 1929.
300 ## - PHYSICAL DESCRIPTION
Pagination XV, 793 p. :
Illustrations ill. ;
Size 23 cm.
650 ## - SUBJECT ADDED ENTRY--TOPICAL TERM
Topical term or geographic name as entry element Biochemistry
9 (RLIN) 227832
Topical term or geographic name as entry element Chemistry, Organic
9 (RLIN) 227833
Topical term or geographic name as entry element Chemistry, Physical and theoretical
9 (RLIN) 227834
942 ## - ADDED ENTRY ELEMENTS (KOHA)
Source of classification or shelving scheme Dewey Decimal Classification
Koha item type Books
Holdings
Lost status Source of classification or shelving scheme Damaged status Not for loan Collection code Permanent Location Current Location Shelving location Date acquired Source of acquisition Total Checkouts Full call number Date last seen Copy number Koha item type
  Dewey Decimal Classification   Not For Loan Non-fiction Central Library, University of Rajshahi Central Library, University of Rajshahi Reading Room 11/05/1976 B.N.B.C.   572 GOO 1929 06/02/2019 C-1 Books